Statistics for Washington Wizards NBA Awards Winners

Click here to take the quiz!

General Stats

  • This quiz has been taken 17 times
  • The average score is 2 of 8

Answer Stats

Player % Correct
Wes Unseld
100%
Gheorghe Muresan
38%
Earl Monroe
25%
Walt Bellamy
25%
Gene Shue
13%
Don MacLean
13%
Pervis Ellison
13%
Terry Dischinger
6%

Score Distribution

Percentile by Number Answered

Percent of People with Each Score

Your Score History

You have not taken this quiz